Poznámky ako súčasť účtovnej závierky banky diplomová práca

Saved in:
Bibliographic Details
Main Author: Húdeková, Alena
Corporate Author: Fakulta hospodárskej informatiky EU. Katedra účtovníctva a audítorstva
Other Authors: Kadlečíková, Oľga, 1973-
Format: Book
Language:Slovak
Published: Bratislava 2014
Tags: Add Tag
No Tags, Be the first to tag this record!

MARC

LEADER 00000nbm a2200000 4500
001 0188454
005 20170201102752.1
041 0 |a slo 
044 |a SK 
245 1 0 |a Poznámky ako súčasť účtovnej závierky banky  |b diplomová práca  |c Alena Húdeková ; školiteľ: Oľga Kadlečíková 
264 1 |a Bratislava  |c 2014 
300 |a 70 s. 
100 1 |a Húdeková, Alena 
700 1 |a Kadlečíková, Oľga, 1973- 
710 2 |a Fakulta hospodárskej informatiky EU. Katedra účtovníctva a audítorstva